000 00618nam a2200229Ia 4500
003 OSt
005 20220923221000.0
006 a|||||r|||| 00| 0
007 ta
008 220922b |||||||| |||| 00| 0 hin d
024 _a193,277
037 _cTextual
040 _aARTS
_cARTS
_bhin
041 _2hin
_ahin
082 _aV2:237jM84, 152J4;1
100 _aचौघरी, बाल्मीकि
245 0 _aअंजलि
246 _aAanjali
260 _c1954
942 _hV2:237jM84, 152J4;1
_cTEXL
_2CC
999 _c345752
_d345752